| 000 | 00000cam 2200000zi 4500 |
| 001 | 9.960772 |
| 003 | CaOODSP |
| 005 | 20260317124706 |
| 006 | m o d f |
| 007 | cr |n||||||||| |
| 008 | 260310e202603 onca ob f000 0 eng d |
| 020 | |a9780660988795 |
| 040 | |aCaOODSP|beng|erda|cCaOODSP |
| 043 | |an-cn--- |
| 086 | 1 |aP29-0012-008-2026E-PDF |
| 245 | 00|aInsulating glass units. |
| 250 | |a[March 2026 edition]. |
| 264 | 1|aOttawa, Ontario : |bCanadian General Standards Board : |bStandards Council of Canada, |cMarch 2026. |
| 264 | 4|c©2026 |
| 300 | |a1 online resource (32 pages) : |billustrations. |
| 336 | |atext|btxt|2rdacontent |
| 337 | |acomputer|bc|2rdamedia |
| 338 | |aonline resource|bcr|2rdacarrier |
| 490 | 1 |aNational standard of Canada ; |vCAN/CGSB-12.8-2026 |
| 500 | |a"Supersedes CAN/CGSB-12.8-2017, (Reaffirmed 2022) Insulating glass units." |
| 500 | |aIssued also in French under title: Vitrages isolants. |
| 504 | |aIncludes bibliographical references (pages 31-32). |
| 520 | |a"This standard applies to sealed Insulating Glass Units (IGUs) consisting of two or more lites of glass, used in windows, doors and skylights in building envelopes. It includes requirements for the testing of samples for the integrity and durability of the unit’s hermetic seal and if applicable, gas concentration. The requirements also apply to IGUs with coated glass, have internal components (such as, muntin bars) within the cavities, a Vacuum Insulating Glass (VIG) lite and contain air or argon gas within the cavities"--Scope, page 1. |
| 650 | 0|aSealed double glazing|xStandards|zCanada. |
| 710 | 2 |aCanadian General Standards Board, |eissuing body. |
| 710 | 2 |aStandards Council of Canada, |eissuing body. |
| 775 | 08|tVitrages isolants.|w(CaOODSP)9.960773 |
| 795 | |tInsulating glass units.|b[January 2022 edition]|w(CaOODSP)9.906665 |
| 830 | #0|aNational standard of Canada ;|vCAN/CGSB-12.8-2026.|w(CaOODSP)9.507848 |
| 856 | 40|qPDF|s3.32 MB|uhttps://publications.gc.ca/collections/collection_2026/ongc-cgsb/P29-0012-008-2026-eng.pdf |
| 986 | |aICS 81.040.20 |